| 000 | nam a22 a 4500 | ||
|---|---|---|---|
| 999 |
_c179 _d179 |
||
| 003 | AKMAL | ||
| 005 | 20170425100842.0 | ||
| 008 | 17042 s2004 my a g l|00 | may d | ||
| 020 |
_z967700834X _cRM30.00 |
||
| 040 | _aAKMAL | ||
| 082 | 0 | 4 | _a354.595 PEK |
| 090 | 0 | 0 |
_a354.595 _bPEK |
| 110 | 1 |
_aMalaysia _9400 |
|
| 245 | 1 | 0 |
_aPekeliling Kemajuan Pentadbiran Awam _bPindaan (hingga Oktober 2004) / _cdisusun oleh Lembaga Penyelidikan Undang-undang |
| 260 |
_aKuala Lumpur : _bMDC _c2004 |
||
| 300 | _c24cm. | ||
| 650 | 0 |
_aCivil service _xPersonnel management _xHandbooks, manuals, etc. _zMalaysia _9414 |
|
| 650 | 0 |
_aCivil service _xTraining of _zMalaysia _9415 |
|
| 650 | 0 |
_aCivil service ethics _zMalaysia _9416 |
|
| 710 | 2 |
_aLembaga Penyelidikan Undang-Undang _9422 |
|
| 942 |
_2ddc _cBOOK |
||